000 00594nam a2200205Ia 4500
003 GCL
008 140319s9999 xx 000 0 eng d
040 _aGCL /
_cGCL
082 0 4 _a956.048
_bE O
100 1 _aMOHAMED ABDEL GHANI GAMASY
245 1 0 _aTHE OCTOBER WAR: MEMOIRS OF FIELD MARSHAL EL GAMASY OF EGYPT /
_cMOHAMED ABDEL GHANI GAMASY
260 _a[S.N] :
_bTHE AMERICAN UNIVERSITY IN CAIRO PRESS ،
_c1993
300 _a430
650 0 4 _aOCTOBER WAR 1973
650 0 4 _aEGYPT
650 0 4 _aISRAEL
650 0 4 _aMILITARY SCIENCE
650 0 4 _aPOLICY SCIENCES
942 _2ddc
_cBK
999 _c15637
_d15637